Hidrología agrícola aplicada /
Guardado en:
| Autor Principal: | |
|---|---|
| Formato: | Libro |
| Publicado: |
Buenos Aires :
Hemisferio Sur,
1981
|
| Materias: | |
| Etiquetas: |
Agregar Etiqueta
Sin Etiquetas, Sea el primero en etiquetar este registro!
|
| LEADER | 00612nam a22002175a 4500 | ||
|---|---|---|---|
| 001 | CEM.cems016682 | ||
| 005 | 20121128172328.0 | ||
| 008 | 130507s1981##################000#0#####d | ||
| 003 | CEMS | ||
| 020 | |a . | ||
| 082 | 0 | 4 | |a 631.7 |
| 100 | 1 | |a Luque, Jorge Alfredo | |
| 245 | 1 | 0 | |a Hidrología agrícola aplicada / |c Jorge Alfredo Luque, |
| 260 | |a Buenos Aires : |b Hemisferio Sur, |c 1981 | ||
| 300 | |a 326 p. | ||
| 653 | |a Hidrología-agrícola | ||
| 653 | |a Evapotranspiración | ||
| 653 | |a Escurrimiento | ||
| 653 | |a Suelo y agua | ||
| 653 | |a Cuencas | ||
| 859 | |a CEMS |b BIB. CEMS - Agricultura |h 631.7 |i L974-2 |p A18200.95 |t Ej.1 | ||
